000 00414cam a22001217a 4500
008 180718b2003 xxu||||| |||| 00| 0 eng d
100 _aMistiaen, Johan A.
245 _aSurvey compliance and the distribution of income
_cby Johan A. Mistiaen and Martin Ravallion
260 _aWashington, D.C.
_bWorld Bank
_c2003
300 _a31p.
440 _aPolicy research working paper; no. 2956
700 _aRavallion, Martin
999 _c289462
_d289462